000 00607nam a2200229Ia 4500
003 OSt
005 20220928102211.0
006 a|||||r|||| 00| 0
007 ta
008 220927b |||||||| |||| 00| 0 eng d
024 _a29544
037 _cTextual
040 _aSDCL
_cSDCL
_beng
041 _2eng
_aeng
082 _aX:9320j77, M0
100 _aSgro Pasquale M
_9385948
245 0 _aWage differentials and economic growth
260 _aLondon
_bCroom Helm
_c1980
300 _a147p
_ccm.
942 _hX:9320j77, M0
_cTEXL
_2CC
999 _c712886
_d712886